<?xml version="1.0" encoding="UTF-8"?>
<marc:record xmlns:marc="http://www.loc.gov/MARC21/slim">
   <marc:leader>00000nam a2200000 a 4500</marc:leader>
   <marc:datafield ind1="1" ind2=" " tag="100">
      <marc:subfield code="a">Niffenegger, Audrey</marc:subfield>
      <marc:subfield code="4">aut</marc:subfield>
      <marc:subfield code="e">Verfasser/-in</marc:subfield>
   </marc:datafield>
   <marc:datafield ind1=" " ind2=" " tag="653">
      <marc:subfield code="a">Liebe</marc:subfield>
   </marc:datafield>
   <marc:datafield ind1="0" ind2="0" tag="245">
      <marc:subfield code="a">Die Frau des Zeitreisenden</marc:subfield>
   </marc:datafield>
   <marc:datafield ind1="0" ind2="0" tag="245">
      <marc:subfield code="c">Audrey Niffenegger</marc:subfield>
   </marc:datafield>
   <marc:datafield ind1=" " ind2="1" tag="264">
      <marc:subfield code="a">Hamburg</marc:subfield>
      <marc:subfield code="b">Gruner + Jahr</marc:subfield>
      <marc:subfield code="c">2010</marc:subfield>
   </marc:datafield>
   <marc:datafield ind1=" " ind2=" " tag="250">
      <marc:subfield code="a">Genehmigte Lizenzausg.</marc:subfield>
   </marc:datafield>
   <marc:datafield ind1="1" ind2=" " tag="520">
      <marc:subfield code="a">Inhalt Portraits Rezensionen Details Clare ist Kunststudentin und eine Botticelli-Schönheit, Henry ein verwegener und lebenshungriger Bibliothekar. Clare fällt aus allen Himmeln, jedes Mal aufs Neue, wenn Henry vor ihr steht. Denn Henry ist ein Zeitreisender, ohne jede Ankündigung verstellt sich seine innere Uhr. Plötzlich und unerwartet stürzt er los, nie ist sicher, aus welcher Zeit er kommt und in welcher Zeit er bei Clare landet, aber immer ist sicher, dass er wieder bei ihr landet. Als sie sich das erste Mal begegnen, ist Clare sechs und Henry 36, aber in Wahrheit ist Henry nur acht Jahre älter als sie und schon lange mit ihr verheiratet. Absurdes wird zur Normalität. Seine Zeitreisen sind das brennende Geheimnis, das Henry und Clare mit jeder Trennung noch inniger vereint.#Audrey Niffenegger ist es gelungen, über die Schönheit der Dauer und das Staunen der Sehnsucht zu schreiben, von der Liebe wie zum ersten Mal zu erzählen. Meisterhaft verknüpft Niffenegger die originelle Idee der Zeitreise mit der einzigartigen, tief bewegenden Liebesgeschichte. Genial inszeniert, mitreißend erzählt. Der großen Liebe begegnet man nur ein einziges Mal. Und dann immer wieder...Ein Buch über die Schönheit der Dauer und das Staunen der #</marc:subfield>
   </marc:datafield>
   <marc:datafield ind1=" " ind2=" " tag="020">
      <marc:subfield code="a">9783570197165</marc:subfield>
      <marc:subfield code="9">9783570197165</marc:subfield>
   </marc:datafield>
   <marc:datafield ind1=" " ind2=" " tag="041">
      <marc:subfield code="a">ger</marc:subfield>
   </marc:datafield>
   <marc:datafield ind1=" " ind2=" " tag="300">
      <marc:subfield code="a">694 S.</marc:subfield>
   </marc:datafield>
</marc:record>
